| 000 | 01114nam a22003737a 4500 | ||
|---|---|---|---|
| 003 | CHAP | ||
| 005 | 20220817044153.0 | ||
| 008 | 070615d2006 it rn 00110 eng d | ||
| 010 | _a93742 | ||
| 011 | _a94714 | ||
| 020 | _a9789251056240 | ||
| 035 | _a105309 | ||
| 040 | _cCHAP | ||
| 082 | 0 | 4 |
_a333.717026 _bF27y v.92 |
| 110 | 2 | _aFAO | |
| 245 | 1 | 0 |
_aModern water rights : _btheory and practice _c/por Stephen Hodgson |
| 260 |
_aRome : _bFAO, _c2006 |
||
| 300 | _a116 p. | ||
| 410 | 2 | 0 | _aFAO |
| 490 | 0 |
_aFAO. Estudio legislativo _v; 92 |
|
| 590 |
_aBATCH-UPD _b10 _c20130110 _lUCH01 _h1354 |
||
| 590 |
_aBATCH-UPD _b10 _c20130410 _lUCH01 _h0849 |
||
| 590 |
_aBATCH-UPD _b10 _c20141001 _lUCH01 _h1313 |
||
| 590 |
_aCONVERSION _b10 _c20130109 _lUCH01 _h1352 |
||
| 650 | 1 | 4 |
_aAgua _xAprovechamiento. _92282 |
| 650 | 1 | 4 |
_aAgua _xLeyes. _92378 |
| 650 | 1 | 4 |
_aAgua _xUtilización. _92401 |
| 700 | 0 |
_aHodgson, Stephen. _955758 |
|
| 810 | 0 | _aFAO | |
| 830 | 0 | 0 |
_aFAO. Estudio legislativo _v; 92 _939542 |
| 901 | _aBK | ||
| 942 | _cLIBRO | ||
| 949 |
_a333.717026 F27y v.92 _bBC _cFAO _d33724002022587 _eFAO1 _h108688 _i105309 _sb |
||
| 999 |
_c93742 _d93742 |
||